000 00491nam a2200193 a 4500
001 1765892290238
003 YourLibrary
005 20251222113022.0
008 251216s2012##################000#0#eng##
020 _a9789381031957
082 0 4 _a203.7
_bGOE
100 1 _aGoel, Neha,
_eauthor.
245 1 0 _aReligious Signs, Symbols and Stories :
260 _c2012.
300 _a256 pages
650 0 _aSigns and symbols.
942 _cENGLISH
040 _aYourLibrary
_beng
_cYourLibrary
999 _c603828
_d603828